Clickable Peanuts Quotes Quiz Stats

Quiz not verified by Sporcle

Challenge
Share
Tweet
Embed
Score 0/30 Timer 04:00
0 Plays Today
% Correct
Charlie Brown
83%
Charlie Brown
81.7%
Charlie Brown
81.4%
Schroeder
81.4%
Charlie Brown
77.9%
Snoopy
77.9%
Sally
77.3%
Snoopy
76.3%
Snoopy
76%
Lucy
75.7%
Sally
75.4%
Peppermint Patty
75.1%
Lucy
74.4%
Lucy
74.4%
Charlie Brown
73.5%
% Correct
Lucy
72.2%
Sally
71.6%
Linus
70.7%
Linus
70.7%
Lucy
70.3%
Peppermint Patty
68.1%
Linus
66.9%
Peppermint Patty
66.6%
Peppermint Patty
64.4%
Charlie Brown
63.4%
Snoopy
62.5%
Lucy
62.1%
Peppermint Patty
60.6%
Sally
58%
Sally
33.1%

You're not logged in!

Compare scores with friends on all Sporcle quizzes.
Join for Free
OR
Log In

You Might Also Like...

Show Comments

Extras

Top Quizzes Today


Score Distribution

Your Account Isn't Verified!

In order to create a playlist on Sporcle, you need to verify the email address you used during registration. Go to your Sporcle Settings to finish the process.

Report this User

Report this user for behavior that violates our Community Guidelines.

Details: